| 000 | 01456nam a2200397Ia 4500 | ||
|---|---|---|---|
| 001 | ebr10112569 | ||
| 003 | CaPaEBR | ||
| 006 | m u | ||
| 007 | cr cn||||||||| | ||
| 008 | 050818s2005 caua s 011 0 eng d | ||
| 020 | _z0738491780 | ||
| 040 |
_aCaPaEBR _cCaPaEBR |
||
| 035 | _a(OCoLC)228138500 | ||
| 050 | 1 | 4 |
_aQA76.9.C58 _bF47 2005eb |
| 100 | 1 | _aFerreira, Luis. | |
| 245 | 1 | 0 |
_aGrid computing products and services _h[electronic resource] / _cLuis Ferreira et al. |
| 260 |
_aSan Jose, CA : _bIBM Corp., International Technical Support Organization, _cc2005. |
||
| 300 |
_axxii, 226 p. : _bill. |
||
| 490 | 1 | _aRedbooks | |
| 500 | _a"August 2005." | ||
| 500 | _aIncludes index. | ||
| 533 |
_aElectronic reproduction. _bPalo Alto, Calif. : _cebrary, _d2009. _nAvailable via World Wide Web. _nAccess may be limited to ebrary affiliated libraries. |
||
| 650 | 0 | _aComputational grids (Computer systems) | |
| 650 | 0 | _aParallel processing (Electronic computers) | |
| 655 | 7 |
_aElectronic books. _2local |
|
| 700 | 1 | _aBatista, Mariano. | |
| 700 | 1 | _aFibra, Sebastien. | |
| 700 | 1 | _aLee, Chin Yau. | |
| 700 | 1 | _aSilva, Carlos Alexandre Queiroz. | |
| 700 | 1 | _aAlmeida, Joao. | |
| 700 | 1 | _aLucchese, Fabiano. | |
| 700 | 1 | _aKeung, Nam. | |
| 710 | 2 | _aebrary, Inc. | |
| 830 | 0 | _aIBM redbooks. | |
| 856 | 4 | 0 |
_uhttp://site.ebrary.com/lib/rucke/Doc?id=10112569 _zAn electronic book accessible through the World Wide Web; click to view |
| 999 |
_c211072 _d211072 |
||